[Event "Pan American-ch School U17 12th"]
[Site "Callao"]
[Date "2023.10.16"]
[Round "1"]
[White "Ochoa Rodriguez, Adriel Miguel"]
[Black "Sifuentes Alcantara, Jhony Sebastian"]
[Result "0-1"]
[WhiteElo "1205"]
[BlackElo "1714"]
[PlyCount "79"]
[EventDate "2023.10.16"]
[EventType "swiss"]
[EventRounds "9"]
[EventCountry "PER"]
[SourceTitle "Mega2024 Update 01"]
[Source "Chessbase"]
[SourceDate "2023.11.12"]
[SourceVersion "1"]
[SourceVersionDate "2023.11.12"]
[SourceQuality "1"]

1. e4 c5 2. Nf3 d6 3. d4 cxd4 4. Nxd4 Nf6 5. Nc3 a6 6. Bc4 b5 7. Bb3 Nbd7 8. Nd5 Bb7 9. f3 Nxd5 10. exd5 g6 11. a3 Bg7 12. c3 Nb6 13. Ne2 0-0 14. 0-0 Qc7 15. Be3 Nc4 16. Bxc4 Qxc4 17. Nf4 Be5 18. Ne2 Qxd5 19. Qc2 Qc4 20. f4 Bg7 21. a4 Be4 22. Qd2 Rab8 23. a5 b4 24. Bb6 bxc3 25. bxc3 Bd3 26. Rae1 Rfc8 27. Rf3 Bxe2 28. Rxe2 Bxc3 29. Qe3 Bf6 30. Re1 Rb7 31. Kh1 e6 32. Rh3 Qc3 33. Qe2 Qb4 34. Rf1 Rc4 35. Qe3 Rc3 36. Qe1 Qc4 37. Rxc3 Bxc3 38. Qd1 d5 39. Rf3 Bf6 40. h3 0-1

[Event "PER-ch"]
[Site "Lima"]
[Date "2023.09.02"]
[Round "6"]
[White "Sifuentes Alcantara, Jhony Sebastian"]
[Black "Montoya Jorge, Richard Lionel"]
[Result "1/2-1/2"]
[WhiteElo "1691"]
[BlackElo "1252"]
[PlyCount "50"]
[EventDate "2023.08.29"]
[EventType "swiss"]
[EventRounds "9"]
[EventCountry "PER"]
[SourceTitle "EXT 2024"]
[Source "ChessBase"]
[SourceDate "2023.10.10"]
[SourceVersion "1"]
[SourceVersionDate "2023.10.10"]
[SourceQuality "1"]

1. d4 Nf6 2. c4 g6 3. Nc3 Bg7 4. e4 d6 5. h3 0-0 6. Be3 e5 7. d5 Nh5 8. g3 Qe8 9. Be2 Nf6 10. g4 Na6 11. Nf3 Nc5 12. Nd2 a5 13. h4 b6 14. g5 Nfd7 15. h5 Bb7 16. Qc2 f5 17. gxf6 Nxf6 18. hxg6 hxg6 19. 0-0-0 Kf7 20. Nf3 Bc8 21. Ng5+ Ke7 22. Nh7 Rh8 23. Nxf6 Bxf6 24. Rxh8 Bxh8 25. Rh1 Bf6 1/2-1/2

[Event "South America-ch U14 16th"]
[Site "Buenos Aires"]
[Date "2019.12.04"]
[Round "6.10"]
[White "Ballesteros Cardenas, Leonardo"]
[Black "Sifuentes Alcantara, Jhony Sebastian"]
[Result "0-1"]
[WhiteElo "1893"]
[BlackElo "1620"]
[PlyCount "79"]
[EventDate "2019.12.01"]
[EventType "swiss"]
[EventRounds "9"]
[EventCountry "ARG"]
[SourceTitle "EXT 2024"]
[Source "ChessBase"]
[SourceDate "2023.10.10"]
[SourceVersion "1"]
[SourceVersionDate "2023.10.10"]
[SourceQuality "1"]

1. d4 d5 2. c4 e6 3. Nc3 Be7 4. Nf3 Nf6 5. cxd5 exd5 6. Bg5 c6 7. Qc2 0-0 8. e3 Nbd7 9. Bd3 Re8 10. h3 Nf8 11. Bxf6 Bxf6 12. 0-0 g6 13. b4 Ne6 14. Qb3 b6 15. Rac1 Bb7 16. Na4 a6 17. Nc3 Qd7 18. a4 Rab8 19. Qa3 Be7 20. Qb2 c5 21. b5 a5 22. Na2 Bf6 23. Bb1 cxd4 24. exd4 Qd6 25. Rfe1 Qf4 26. Red1 Rec8 27. Rd3 Rc4 28. Rcd1 Rbc8 29. g3 Qc7 30. Qb3 Ng5 31. Nxg5 Bxg5 32. h4 Bf6 33. Kg2 Re8 34. R3d2 Bc8 35. Rc2 Be6 36. Rxc4 dxc4 37. Qe3 Qd6 38. d5 Bxd5+ 39. Kg1 Qc5 40. Qf4 0-1

[Event "Pan American-ch U14"]
[Site "Guayaquil"]
[Date "2019.07.24"]
[Round "6"]
[White "Sifuentes Alcantara, Jhony Sebastian"]
[Black "Kang, Dorian"]
[Result "0-1"]
[WhiteElo "1588"]
[BlackElo "2087"]
[PlyCount "88"]
[EventDate "2019.07.21"]
[EventType "swiss"]
[EventRounds "9"]
[EventCountry "ECU"]
[SourceTitle "EXT 2020"]
[Source "ChessBase"]
[SourceDate "2019.10.17"]
[SourceVersion "1"]
[SourceVersionDate "2019.10.17"]
[SourceQuality "1"]

1. d4 Nf6 2. c4 g6 3. Nc3 d5 4. h4 Bg7 5. h5 Nxh5 6. cxd5 c6 7. e4 cxd5 8. e5 f5 9. Be2 Be6 10. Bxh5 gxh5 11. Qxh5+ Kd7 12. g4 fxg4 13. Nge2 Nc6 14. Be3 Qe8 15. Nf4 Qxh5 16. Rxh5 Bf7 17. Rh4 h5 18. Ncxd5 e6 19. Nc3 Bh6 20. Ne4 Bxf4 21. Bxf4 b6 22. Bg5 Bg6 23. Nf6+ Kc7 24. Rc1 Kb7 25. Be3 Rad8 26. Rc4 Ne7 27. Rh1 Rc8 28. Rc3 Nf5 29. Kd2 g3 30. fxg3 Nxg3 31. Rg1 Rxc3 32. bxc3 h4 33. Bf4 Bf5 34. c4 b5 35. c5 Kc6 36. Ke3 Nh5 37. Rh1 h3 38. Nxh5 Rxh5 39. a3 Rh7 40. Bg5 Rg7 41. Bf4 Rg2 42. Rh2 Rg1 43. Ra2 Rd1 44. Rd2 Ra1 0-1

[Event "Pan American-ch U14"]
[Site "Guayaquil"]
[Date "2019.07.23"]
[Round "4"]
[White "Sifuentes Alcantara, Jhony Sebastian"]
[Black "Shubin, Daniel"]
[Result "0-1"]
[WhiteElo "1588"]
[BlackElo "1960"]
[PlyCount "38"]
[EventDate "2019.07.21"]
[EventType "swiss"]
[EventRounds "9"]
[EventCountry "ECU"]
[SourceTitle "EXT 2020"]
[Source "ChessBase"]
[SourceDate "2019.10.17"]
[SourceVersion "1"]
[SourceVersionDate "2019.10.17"]
[SourceQuality "1"]

1. d4 d5 2. c4 e6 3. Nc3 Nf6 4. Nf3 Nbd7 5. Bg5 c6 6. cxd5 exd5 7. e3 Be7 8. Bd3 0-0 9. 0-0 Re8 10. Rb1 Nf8 11. b4 a6 12. a4 Ne4 13. Bxe7 Qxe7 14. Qc2 Ng6 15. Nd2 Nxd2 16. Qxd2 Nh4 17. Ne2 Bh3 18. Nf4 Bxg2 19. Qc2 Qg5 0-1

[Event "Pan American-ch U14"]
[Site "Guayaquil"]
[Date "2019.07.22"]
[Round "2"]
[White "Sifuentes Alcantara, Jhony Sebastian"]
[Black "Melian, Juan Sebastian"]
[Result "1-0"]
[WhiteElo "1588"]
[BlackElo "1843"]
[PlyCount "118"]
[EventDate "2019.07.21"]
[EventType "swiss"]
[EventRounds "9"]
[EventCountry "ECU"]
[SourceTitle "EXT 2020"]
[Source "ChessBase"]
[SourceDate "2019.10.17"]
[SourceVersion "1"]
[SourceVersionDate "2019.10.17"]
[SourceQuality "1"]

1. d4 Nf6 2. c4 e6 3. Nf3 Bb4+ 4. Bd2 a5 5. a3 Bxd2+ 6. Nbxd2 d6 7. e3 Qe7 8. Bd3 e5 9. Qc2 Bg4 10. dxe5 dxe5 11. Ng5 h6 12. Nge4 Nxe4 13. Bxe4 c6 14. h3 Be6 15. Rc1 Nd7 16. c5 0-0 17. g4 Bd5 18. Ke2 Nf6 19. f3 a4 20. h4 Ra5 21. g5 Nxe4 22. Nxe4 Bxe4 23. Qxe4 Rxc5 24. gxh6 Rxc1 25. Rxc1 Rd8 26. Rg1 g6 27. h5 Rd6 28. hxg6 fxg6 29. Rxg6+ Rxg6 30. Qxg6+ Kh8 31. Qg4 b5 32. Qc8+ Kh7 33. Qxc6 Qh4 34. Qxb5 Qh2+ 35. Kd3 Kxh6 36. Qc6+ Kg5 37. Qc2 Qh7+ 38. e4 Qd7+ 39. Ke2 Qb5+ 40. Kf2 Qb6+ 41. Kg2 Qb5 42. Qd2+ Kh5 43. Kg3 Kg6 44. Kg4 Kf6 45. Qd6+ Kg7 46. Kf5 Qf1 47. Qxe5+ Kh7 48. Qh2+ Kg8 49. Qg3+ Kh8 50. Qh4+ Kg7 51. Qe7+ Kh6 52. f4 Qh3+ 53. Ke5 Qh5+ 54. f5 Qd1 55. Kf4 Qd3 56. Qf6+ Kh7 57. Qg6+ Kh8 58. Qh6+ Kg8 59. Qg5+ Kf7 1-0

[Event "Pan American-ch U12"]
[Site "Santiago de Chile"]
[Date "2018.07.23"]
[Round "2"]
[White "Sifuentes Alcantara, Jhony Sebastian"]
[Black "Galaviz Medina, Atlas Adomaitis"]
[Result "1/2-1/2"]
[WhiteElo "1511"]
[BlackElo "1837"]
[PlyCount "111"]
[EventDate "2018.07.22"]
[EventType "swiss"]
[EventRounds "9"]
[EventCountry "CHI"]
[SourceTitle "EXT 2022"]
[Source "ChessBase"]
[SourceDate "2021.10.06"]
[SourceVersion "1"]
[SourceVersionDate "2021.10.06"]
[SourceQuality "1"]

1. d4 d5 2. c4 e6 3. Nc3 c6 4. cxd5 exd5 5. Nf3 Nf6 6. Bg5 Bf5 7. e3 Qb6 8. Qb3 Qxb3 9. axb3 Bb4 10. Rc1 Ne4 11. Bf4 Nxc3 12. bxc3 Ba3 13. Ra1 Bb2 14. Ra2 Bxc3+ 15. Nd2 Nd7 16. Be2 Bb1 17. Ra3 0-0 18. 0-0 Bg6 19. Nf3 a5 20. Ra2 b5 21. Rc1 b4 22. Ne5 Nxe5 23. Bxe5 a4 24. Rxa4 Rxa4 25. bxa4 b3 26. Rxc3 b2 27. Rb3 b1Q+ 28. Rxb1 Bxb1 29. a5 Ra8 30. Bc7 Bc2 31. Bb6 Ba4 32. g3 Bb5 33. Bg4 Ba6 34. Bd7 Bb7 35. Kf1 g6 36. Bg4 f5 37. Bd1 Ba6+ 38. Ke1 Kf7 39. Kd2 Bc4 40. Kc3 Bb5 41. Kb4 Ke7 42. Bb3 Ba6 43. Ba4 Bb7 44. Kc5 g5 45. Bc2 Rf8 46. f4 gxf4 47. exf4 Ba6 48. Ba4 Rf6 49. Bc2 Bb5 50. Kb4 Ke8 51. Kc5 Kd7 52. Kb4 Ba6 53. Kc5 Bc4 54. Kb4 Be2 55. Kc5 Bc4 56. Kb4 1/2-1/2

[Event "Pan American-ch U12"]
[Site "San Jose"]
[Date "2017.07.05"]
[Round "7"]
[White "Sifuentes Alcantara, Jhony Sebastian"]
[Black "Singh, Hersh"]
[Result "0-1"]
[WhiteElo "1271"]
[BlackElo "1624"]
[PlyCount "52"]
[EventDate "2017.07.01"]
[EventType "swiss"]
[EventRounds "9"]
[EventCountry "CRI"]
[SourceTitle "EXT 2022"]
[Source "ChessBase"]
[SourceDate "2021.10.06"]
[SourceVersion "1"]
[SourceVersionDate "2021.10.06"]
[SourceQuality "1"]

1. d4 d5 2. c4 e6 3. Nc3 Nf6 4. Bg5 Be7 5. Nf3 0-0 6. e3 h6 7. Bh4 b6 8. cxd5 Nxd5 9. Nxd5 exd5 10. Bxe7 Qxe7 11. Bd3 Bb7 12. 0-0 Nd7 13. Rc1 c5 14. Re1 c4 15. Bb1 b5 16. Nd2 Nf6 17. Qc2 g6 18. f3 Rfe8 19. e4 dxe4 20. fxe4 Qd7 21. d5 Qd6 22. Kf1 Ng4 23. Nf3 Qb6 24. Re2 Bxd5 25. h3 Bxe4 26. Rxe4 Nf2 0-1

[Event "PER-ch U10"]
[Site "Lima"]
[Date "2016.02.03"]
[Round "2.4"]
[White "Sifuentes Alcantara, Jhony Sebastian"]
[Black "Flores, Quispe Carlos"]
[Result "1/2-1/2"]
[WhiteElo "1149"]
[BlackElo "1492"]
[PlyCount "64"]
[EventDate "2016.02.02"]
[EventType "swiss"]
[EventRounds "9"]
[EventCountry "PER"]
[SourceTitle "EXT 2024"]
[Source "ChessBase"]
[SourceDate "2023.10.10"]
[SourceVersion "1"]
[SourceVersionDate "2023.10.10"]
[SourceQuality "1"]

1. d4 e6 2. Nf3 Nf6 3. Bf4 d5 4. c3 c5 5. e3 Bd6 6. Bg3 Nc6 7. Nbd2 Qe7 8. Bd3 a6 9. a4 0-0 10. 0-0 Bxg3 11. hxg3 Bd7 12. Qc2 c4 13. Be2 b5 14. axb5 axb5 15. b3 e5 16. dxe5 Nxe5 17. bxc4 dxc4 18. Rfd1 Bc6 19. Nd4 Qb7 20. Nxc6 Qxc6 21. Nf3 Rxa1 22. Rxa1 Ned7 23. Nd4 Qc5 24. Ra5 Rb8 25. Qb1 Nd5 26. Rxb5 Rxb5 27. Nxb5 g6 28. e4 N5f6 29. Nd4 Qa3 30. Qc2 Nc5 31. f3 Na4 32. Nb5 Qb2 1/2-1/2

[Event "South America-ch U10 12th"]
[Site "Santa Cruz"]
[Date "2015.12.05"]
[Round "5"]
[White "Sifuentes Alcantara, Jhony Sebastian"]
[Black "Severich, Axl"]
[Result "0-1"]
[WhiteElo "1024"]
[BlackElo "1715"]
[PlyCount "128"]
[EventDate "2015.12.02"]
[EventType "swiss"]
[EventRounds "9"]
[EventCountry "BOL"]
[SourceTitle "CBM 170 Extra"]
[Source "ChessBase"]
[SourceDate "2016.02.25"]
[SourceVersion "1"]
[SourceVersionDate "2016.02.25"]
[SourceQuality "1"]

1. d4 Nf6 2. Nf3 e6 3. Bf4 c5 4. c3 Be7 5. e3 Nh5 6. Bg3 b6 7. Bd3 Bb7 8. Bxb8 Rxb8 9. 0-0 Nf6 10. Nbd2 cxd4 11. exd4 0-0 12. Qe2 Qc7 13. Rfe1 Rbc8 14. Rac1 a6 15. Ne4 Nxe4 16. Bxe4 Bxe4 17. Qxe4 d5 18. Qd3 Qc4 19. Qxc4 Rxc4 20. Ne5 Rc7 21. Rc2 Rfc8 22. Kf1 Bd6 23. f4 a5 24. Rec1 b5 25. Ke2 a4 26. Kd1 a3 27. bxa3 Bxa3 28. Rb1 b4 29. Kd2 bxc3+ 30. Kd3 Bb2 31. Ng4 Ra8 32. a4 h5 33. Nf2 Rxa4 34. Nd1 Rcc4 35. Nxb2 cxb2 36. Rxc4 Rxc4 37. Rxb2 g6 38. h3 Rc1 39. Ke3 Kg7 40. g4 Rc3+ 41. Kd2 Rxh3 42. gxh5 gxh5 43. Kc1 Rf3 44. Rh2 Kh6 45. Rh4 Rg3 46. Kd2 Rg4 47. Rxg4 hxg4 48. Ke3 Kh5 49. Kf2 Kh4 50. Kg2 g3 51. f5 exf5 52. Kh1 Kh3 53. Kg1 g2 54. Kf2 Kh2 55. Ke2 g1Q 56. Kd3 Kg3 57. Kc2 Qxd4 58. Kb3 Qc5 59. Ka4 Qb6 60. Ka3 f4 61. Ka4 f3 62. Ka3 f2 63. Ka2 f1R 64. Ka3 Ra1# 0-1